[Event "It (open) \"]
[Site "masterchessopen.com Helsingor (Denmark)"]
[Date "2008.07.19"]
[Round "1"]
[White "Evdokimov Alexander A (RUS)"]
[Black "Ukkelberg Oyvind (NOR)"]
[Result "1-0"]
[WhiteElo "2557"]
[BlackElo "1987"]

1.e4 c5 2.Nf3 e6 3.d4 cxd4 4.Nxd4 a6 5.Bd3 Nc6 6.Nb3 Nge7 7.c4 Ng6 8.O-O Bd6
9.f4 e5 10.f5 Nf4 11.Bc2 Bc7 12.g3 Nb4 13.gxf4 Qh4 14.a3 Nxc2 15.Qxc2 exf4
16.Nc3 g5 17.Nd5 Be5 18.Bd2 f3 19.Bc3 Bxc3 20.bxc3 g4 21.Qf2 {#r} 1-0

[Event "It (open)"]
[Site "masterchessopen.com Pardubice (Czech Republic)"]
[Date "2008.07.22"]
[Round "5"]
[White "Smirnov Pavel (RUS)"]
[Black "Akesson Ralf (SWE)"]
[Result "1-0"]
[WhiteElo "2579"]
[BlackElo "2484"]

1.e4 c5 2.Nf3 e6 3.d4 cxd4 4.Nxd4 a6 5.Bd3 Nf6 6.O-O d6 7.c4 b6 8.Nc3 Bb7
9.Qe2 Nbd7 10.f4 g6 11.e5 dxe5 12.fxe5 Bc5 13.Be3 Nh5 14.Be4 Bxe4 15.Nxe4 Qh4
16.Nxc5 bxc5 17.Nf3 Qg4 18.Rad1 h6 19.Qc2 Rd8 20.Qa4 {#r} 1-0

[Event "It (open)"]
[Site "masterchessopen.com Dresden (Germany)"]
[Date "2008.07.24"]
[Round "6"]
[White "Jaracz Pawel (POL)"]
[Black "Kovalev Andrei (BLR)"]
[Result "0-1"]
[WhiteElo "2513"]
[BlackElo "2550"]

1.e4 c5 2.Nf3 e6 3.d4 cxd4 4.Nxd4 a6 5.Bd3 Bc5 6.Nb3 Ba7 7.Qg4 Nf6 8.Qg3 d6
9.Nc3 Nc6 10.O-O b5 11.Kh1 Bb7 12.Qxg7 Rg8 13.Qh6 Ng4 14.Qxh7 Rf8 15.Qg7 Qh4
16.Bf4 Nxf2+ 17.Rxf2 Bxf2 18.Ne2 O-O-O 19.Nd2 Rg8 20.Qxf7 Qg4 {#R} 0-1

[Event "It (open)"]
[Site "masterchessopen.com Oviedo (Spain)"]
[Date "2008.07.29"]
[Round "7"]
[White "Cascudo Pueyo Ignacio (ESP)"]
[Black "Manolache Marius (ROM)"]
[Result "0-1"]
[WhiteElo "2146"]
[BlackElo "2494"]

1.e4 c5 2.Nf3 e6 3.d4 cxd4 4.Nxd4 a6 5.Bd3 d6 6.O-O Nf6 7.Nc3 Be7 8.Kh1 b6
9.f4 h5 10.e5 Ng4 11.Be4 Ra7 12.Nc6 Nxc6 13.Bxc6+ Kf8 14.Bf3 Rd7 15.Bxg4 dxe5
16.Qe2 hxg4 17.Qxg4 f5 18.Qe2 Bc5 19.Be3 Qh4 20.Bxc5+ bxc5 21.g3 Qxg3 {#R} 0-1

[Event "Tournament (open) \"]
[Site "masterchessopen.com Novosibirsk (Russia)"]
[Date "2008.08.01"]
[Round "1"]
[White "Egitov Alexey (RUS)"]
[Black "Abylkassymova Raushan (KAZ)"]
[Result "0-1"]
[WhiteElo "2025"]
[BlackElo "1834"]

1.e4 c5 2.Nf3 e6 3.d4 cxd4 4.Nxd4 a6 5.Bd3 Bc5 6.Nb3 Ba7 7.O-O Nc6 8.Nc3 Nge7
9.Bg5 O-O 10.Kh1 b5 11.f4 Bb7 12.e5 {#R} 0-1

[Event "Memorial M.Najdorf (open)"]
[Site "masterchessopen.com Warsaw (Poland)"]
[Date "2008.08.05"]
[Round "4"]
[White "Kadziolka Beata (POL)"]
[Black "Alvarado Carlos (PER)"]
[Result "1-0"]
[WhiteElo "2295"]
[BlackElo "2184"]

1.e4 c5 2.Nf3 e6 3.d4 cxd4 4.Nxd4 a6 5.Bd3 Ne7 6.O-O Nbc6 7.Be3 Nxd4 8.Bxd4
Nc6 9.Bc3 e5 10.Bc4 Be7 11.f4 O-O 12.fxe5 Bc5+ 13.Kh1 Qe7 14.Qh5 g6 15.Qh6 Bd4
16.Bxd4 Nxd4 17.Nc3 Qxe5 18.Nd5 Qg7 19.Ne7+ Kh8 20.Nxg6+ Kg8 21.Qxg7+ {#r} 1-0

[Event "Olympiad (1/2 final) (b) (w)"]
[Site "masterchessopen.com Cali (Colombia)"]
[Date "2008.09.05"]
[Round "6"]
[White "Orozco Luz Elena (COL)"]
[Black "Orozco Lina (COL)"]
[Result "0-1"]
[WhiteElo "1990"]
[BlackElo "2097"]

1.e4 c5 2.Nf3 e6 3.d4 cxd4 4.Nxd4 a6 5.Bd3 Qc7 6.O-O Nc6 7.Nxc6 bxc6 8.Qe2 e5
9.Nc3 Nf6 10.f4 d6 11.fxe5 dxe5 12.Kh1 Be7 {#R} 0-1

[Event "It (open)"]
[Site "masterchessopen.com Borup (Denmark)"]
[Date "2008.09.12"]
[Round "6"]
[White "Erdogdu Mert (TUR)"]
[Black "Krogh Peter Ove (DEN)"]
[Result "1-0"]
[WhiteElo "2449"]
[BlackElo "1976"]

1.e4 c5 2.Nf3 e6 3.d4 cxd4 4.Nxd4 a6 5.Bd3 Nc6 6.Nxc6 dxc6 7.Nd2 Bd6 8.O-O Qc7
9.h3 Ne7 10.Nc4 Bc5 11.Qh5 Bd4 12.e5 Nf5 13.Bxf5 exf5 14.Rd1 Bc5 15.Nd6+ Kf8
16.Nxf5 Bxf5 17.Qxf5 g6 18.Bh6+ Kg8 19.Rd7 gxf5 20.Rxc7 {#r} 1-0

[Event "Tournament (juniors) (under 13)"]
[Site "masterchessopen.com Lublin (Poland)"]
[Date "2008.09.17"]
[Round "2"]
[White "Gorbacz Filip (POL)"]
[Black "Daciuk Jaroslaw (POL)"]
[Result "1-0"]
[WhiteElo "1493"]
[BlackElo "1450"]

1.e4 c5 2.Nf3 e6 3.d4 cxd4 4.Nxd4 a6 5.Bd3 Nc6 6.Nxc6 bxc6 7.O-O d5 8.Kh1 Bd6
9.f4 e5 10.exd5 cxd5 11.fxe5 Bxe5 12.Re1 Qd6 13.Qh5 Ra7 14.Rxe5+ Re7 15.Rxe7+
Qxe7 16.Bd2 Qf6 17.Nc3 Qd4 18.Qxd5 Qb6 19.Re1+ Be6 20.Qa8+ Ke7 21.Nd5+ {#r}
1-0

[Event "Ch Europe (juniors) (under 18)"]
[Site "masterchessopen.com Herceg Novi (Montenegro)"]
[Date "2008.09.22"]
[Round "7"]
[White "Omarsson Dadi (ISL)"]
[Black "Lichman Peter (GER)"]
[Result "0-1"]
[WhiteElo "2064"]
[BlackElo "2389"]

1.e4 c5 2.Nf3 e6 3.d4 cxd4 4.Nxd4 a6 5.Bd3 Qc7 6.O-O Nf6 7.Qe2 d6 8.c4 Be7
9.Nc3 O-O 10.f4 Nbd7 11.Kh1 Re8 12.Bd2 b6 13.Rae1 e5 14.Nf5 Bf8 15.g4 Nc5
16.Bc2 exf4 17.b4 Ncxe4 18.Nxe4 Nxe4 {#R} 0-1

[Event "Ch Commonwealth"]
[Site "masterchessopen.com Nagpur (India)"]
[Date "2008.10.06"]
[Round "11"]
[White "Nadig Kruttika (IND)"]
[Black "Gusain Himal (IND)"]
[Result "1-0"]
[WhiteElo "2387"]
[BlackElo "2134"]

1.e4 c5 2.Nf3 e6 3.d4 cxd4 4.Nxd4 a6 5.Bd3 Ne7 6.O-O Nbc6 7.Be3 Nxd4 8.Bxd4
Nc6 9.Be3 Be7 10.Nc3 O-O 11.Qh5 {#r} 1-0

[Event "Ch Slovenia (team) (2 league) West"]
[Site "masterchessopen.com Kranj (Slovenia)"]
[Date "2008.10.11"]
[Round "2"]
[White "Hajna Jurij (SLO)"]
[Black "Lucovnik Tilen"]
[Result "1-0"]
[WhiteElo "2086"]
[BlackElo "1572"]

1.d4 e6 2.Nf3 c5 3.e4 cxd4 4.Nxd4 a6 5.Bd3 Nf6 6.O-O Nc6 7.c3 Qc7 8.Kh1 d5
9.Nd2 dxe4 10.Nxe4 Nxe4 11.Bxe4 Bd7 12.Be3 Rd8 13.f4 Bd6 14.Qf3 f5 15.Bc2 O-O
16.Qf2 Rf6 17.Nxc6 Qxc6 18.Rad1 e5 19.Bb3+ Be6 20.fxe5 Bxb3 21.axb3 {#r} 1-0

[Event "Ch Chess Club (final)"]
[Site "masterchessopen.com Voronezh (Russia)"]
[Date "2008.10.17"]
[Round "8"]
[White "Chernov Vladimir (RUS)"]
[Black "Kornilov Peter (RUS)"]
[Result "0-1"]
[WhiteElo "2061"]
[BlackElo "2085"]

1.e4 c5 2.Nf3 e6 3.d4 cxd4 4.Nxd4 a6 5.Bd3 Nf6 6.O-O Qc7 7.Qe2 d6 8.c4 Be7
9.Nc3 O-O 10.Kh1 b6 11.Be3 Bb7 12.f3 Nbd7 13.Qf2 Ne5 14.Qe2 Rac8 15.b3 Nxd3
16.Qxd3 b5 17.Rac1 bxc4 18.Qb1 d5 19.b4 e5 {#R} 0-1

[Event "Memorial Vasylyshyn (cat.10)"]
[Site "masterchessopen.com Lvov (Ukraine)"]
[Date "2008.10.21"]
[Round "1"]
[White "Vovk Andrey (UKR)"]
[Black "Oleksienko Mikhailo (UKR)"]
[Result "1-0"]
[WhiteElo "2488"]
[BlackElo "2585"]

1.e4 c5 2.Nf3 e6 3.d4 cxd4 4.Nxd4 a6 5.Bd3 Ne7 6.O-O Nbc6 7.Nxc6 Nxc6 8.Be3
Be7 9.Nd2 O-O 10.c3 b5 11.Qh5 Bb7 12.f4 g6 13.Qe2 Re8 14.Nf3 b4 15.c4 d6 16.e5
Qb8 17.Qf2 Rf8 18.exd6 Qxd6 19.Rad1 Rad8 20.Ng5 Bxg5 21.fxg5 Nd4 22.Be4 {#r}
1-0

[Event "It (open) (active)"]
[Site "masterchessopen.com El Sauzal (Spain)"]
[Date "2008.11.01"]
[Round "5"]
[White "Melnikova Yana (RUS)"]
[Black "Herrera Reyes Jose Antonio (ESP)"]
[Result "0-1"]
[WhiteElo "2264"]
[BlackElo "2105"]

1.e4 c5 2.Nf3 e6 3.d4 cxd4 4.Nxd4 a6 5.Bd3 Qc7 6.c4 Nf6 7.O-O Bd6 8.f4 Bc5
9.Be3 Qb6 10.Bc2 Nc6 11.e5 Bxd4 12.exf6 Bxe3+ 13.Kh1 Qxb2 14.Nd2 Bxd2 {#R} 0-1

[Event "It (open) (active)"]
[Site "masterchessopen.com El Sauzal (Spain)"]
[Date "2008.11.02"]
[Round "6"]
[White "Zozulia Anna (BEL)"]
[Black "Herrera Reyes Jose Antonio (ESP)"]
[Result "1-0"]
[WhiteElo "2380"]
[BlackElo "2105"]

1.e4 c5 2.Nf3 e6 3.d4 cxd4 4.Nxd4 a6 5.Bd3 Qc7 6.O-O Nf6 7.Nc3 b5 8.Qe2 Bd6
9.Kh1 O-O 10.f4 e5 11.Nf5 Nc6 12.Nd5 Nxd5 13.Qg4 g6 14.exd5 Nb4 15.fxe5 Nxd3
16.exd6 Qxc2 17.Ne7+ Kg7 18.Bh6+ Kxh6 19.Qh4+ {#r} 1-0

[Event "It \"]
[Site "masterchessopen.com Rijeka (Croatia)"]
[Date "2008.11.29"]
[Round "1"]
[White "Deur Zrinka (CRO)"]
[Black "Saric Ante (CRO)"]
[Result "0-1"]
[WhiteElo "2003"]
[BlackElo "2505"]

1.e4 c5 2.Nf3 e6 3.d4 cxd4 4.Nxd4 a6 5.Bd3 Nf6 6.O-O e5 7.Nf3 Nc6 8.Bg5 h6
9.Bh4 Bc5 10.Nc3 g5 11.Bg3 d6 12.Qe2 Be6 13.Nd2 Rc8 14.Nd1 h5 15.h4 Nh7 16.Nf3
Nd4 17.Nxg5 Nxg5 18.hxg5 h4 19.Bh2 h3 20.Qe3 Nxc2 21.Qg3 Nxa1 22.Nc3 Rg8 {#R}
0-1

[Event "Memorial E.Sirotina"]
[Site "masterchessopen.com Moscow (Russia)"]
[Round "0"]
[White "Khruschiov Alexey (MDA)"]
[Black "Arslanov Shamil (RUS)"]
[Result "1-0"]
[WhiteElo "2499"]
[BlackElo "2280"]

1.e4 c5 2.Nf3 e6 3.d4 cxd4 4.Nxd4 a6 5.Bd3 Bc5 6.Nb3 Ba7 7.O-O Nc6 8.Qg4 Nf6
9.Qg3 d6 10.Kh1 Ne5 11.Nc3 b5 12.f4 Nxd3 13.cxd3 O-O 14.f5 Kh8 15.Bg5 exf5
16.Qh4 h6 17.Nd5 Kh7 18.Nxf6+ {#r} 1-0

[Event "Ch Greece"]
[Site "masterchessopen.com Rhodes (Greece)"]
[Date "2008.12.02"]
[Round "3"]
[White "Gavrilakis Nikolaos (GRE)"]
[Black "Banikas Hristos (GRE)"]
[Result "0-1"]
[WhiteElo "2426"]
[BlackElo "2572"]

1.e4 c5 2.Nf3 e6 3.d4 cxd4 4.Nxd4 a6 5.Bd3 Bc5 6.Nb3 Be7 7.Qg4 Bf6 8.O-O Nc6
9.f4 d6 10.Nc3 Nge7 11.a4 O-O 12.a5 e5 13.f5 b5 14.Be3 Nd4 15.Bxd4 exd4 16.Ne2
Nc6 17.Nf4 Bb7 18.Nd5 Ne5 19.Nxf6+ Qxf6 20.Qd1 Rad8 21.Nd2 Rfe8 {#R} 0-1

[Event "Tournament (Elo) \"]
[Site "masterchessopen.com Warsaw (Poland)"]
[Date "2008.12.02"]
[Round "10"]
[White "Rytel Bartosz (POL)"]
[Black "Tulwin Michal (POL)"]
[Result "0-1"]
[WhiteElo "1500"]
[BlackElo "1794"]

1.e4 c5 2.Nf3 e6 3.d4 cxd4 4.Nxd4 a6 5.Bd3 Qc7 6.O-O Nf6 7.Qe2 b6 8.Nd2 Bb7
9.b3 Qc3 10.Rb1 Qxd4 11.Bb2 Qc5 12.Nf3 Qc7 13.Rfd1 Nc6 14.Qd2 O-O-O 15.Qe2 a5
16.Ng5 d5 17.Qf3 Bd6 18.h3 h6 19.exd5 exd5 20.Qf5+ Kb8 21.Nf3 Bc8 {#R} 0-1

[Event "Ch Europe (active)"]
[Site "masterchessopen.com Warsaw (Poland)"]
[Date "2008.12.20"]
[Round "6"]
[White "Jaracz Pawel (POL)"]
[Black "Jedryczka Krystian (POL)"]
[Result "1-0"]
[WhiteElo "2513"]
[BlackElo "2244"]

1.Nf3 c5 2.e4 e6 3.d4 cxd4 4.Nxd4 a6 5.Bd3 Nf6 6.O-O Qc7 7.Qe2 d6 8.c4 Be7
9.Nc3 Nbd7 10.f4 O-O 11.Be3 b6 12.g4 Nc5 13.g5 Ng4 14.Bd2 Nxd3 15.Qxd3 Bb7
16.h3 Ne5 17.fxe5 dxe5 18.Nf3 Rad8 19.Qe2 {#r} 1-0

[Event "Czech League 2008/09 (1st) West"]
[Site "masterchessopen.com Czech Republic"]
[Date "2009.02.01"]
[Round "7"]
[White "Svatos Jan (CZE)"]
[Black "Kriz Lubos (CZE)"]
[Result "1-0"]
[WhiteElo "2305"]
[BlackElo "2176"]

1.e4 c5 2.Nf3 e6 3.d4 cxd4 4.Nxd4 a6 5.Bd3 Nc6 6.Be3 Qc7 7.O-O Nge7 8.c4 g6
9.Nc3 Bg7 10.Nxc6 dxc6 11.Na4 O-O 12.Bb6 Qd7 13.Be2 Qxd1 14.Raxd1 Re8 15.Rd8
Rf8 16.Rfd1 f6 17.Bc5 b5 18.Nb6 Ra7 19.Nxc8 {#r} 1-0

[Event "It (open) \"]
[Site "masterchessopen.com Gibraltar (England)"]
[Date "2009.02.02"]
[Round "7"]
[White "Socko Monika (POL)"]
[Black "Sanchez Louis (FRA)"]
[Result "1-0"]
[WhiteElo "2449"]
[BlackElo "2257"]

1.e4 c5 2.Nf3 e6 3.d4 cxd4 4.Nxd4 a6 5.Bd3 d5 6.exd5 Qxd5 7.O-O Nd7 8.Be3 Ngf6
9.c4 Qd6 10.Nc3 Be7 11.a3 Qc7 12.b4 b6 13.Rc1 Bb7 14.c5 bxc5 15.bxc5 Bxc5
16.Na4 Qd6 17.Nxc5 Nxc5 18.Nb5 Qc6 19.Nd6+ {#r} 1-0

[Event "Czech League 2008/09 (krajsky prebor)"]
[Site "masterchessopen.com Czech Republic"]
[Date "2009.02.15"]
[Round "8"]
[White "Stefanko Igor (CZE)"]
[Black "Tomeckova Aneta"]
[Result "1-0"]
[WhiteElo "1909"]
[BlackElo "1736"]

1.e4 c5 2.Nf3 e6 3.d4 cxd4 4.Nxd4 a6 5.Bd3 Nf6 6.Nc3 Qc7 7.Qe2 Bb4 8.Bd2 d6
9.O-O O-O 10.Kh1 Nc6 11.Nxc6 Qxc6 12.f4 e5 13.Nd5 Nxd5 14.exd5 Qb6 15.Qe4 g6
16.Qxb4 Qc7 17.f5 Bd7 18.f6 Rac8 19.Qh4 {#r} 1-0

[Event "It (open)"]
[Site "masterchessopen.com Cappelle la Grande (France)"]
[Date "2009.02.28"]
[Round "1"]
[White "Grimberg Boris (GER)"]
[Black "Kveinys Aloyzas (LTU)"]
[Result "1-0"]
[WhiteElo "2390"]
[BlackElo "2531"]

1.e4 c5 2.Nf3 e6 3.d4 cxd4 4.Nxd4 a6 5.Bd3 Nf6 6.O-O Qc7 7.c4 Bc5 8.Nb3 Ba7
9.Kh1 d6 10.Nc3 Nc6 11.f4 Bd7 12.Qf3 Nd4 13.Nxd4 Bxd4 14.Ne2 Bc5 15.Bd2 e5
16.f5 Bc6 17.b4 Ba7 18.b5 Bd7 19.a4 Bc5 20.Qg3 h6 21.Qxg7 Ke7 22.Nc3 {#r} 1-0

[Event "It (open)"]
[Site "masterchessopen.com Cappelle la Grande (France)"]
[Date "2009.03.02"]
[Round "4"]
[White "Frolyanov Dmitry (RUS)"]
[Black "Cappon John (FRA)"]
[Result "1-0"]
[WhiteElo "2557"]
[BlackElo "2224"]

1.e4 c5 2.Nf3 e6 3.d4 cxd4 4.Nxd4 a6 5.Bd3 Nc6 6.Nxc6 dxc6 7.Nd2 e5 8.Nc4 Be6
9.Bd2 Bxc4 10.Bxc4 Nf6 11.Qe2 Qc7 12.O-O Bd6 13.Bg5 Nd7 14.Rad1 Nb6 15.Bb3 Be7
16.Be3 O-O 17.Bxb6 Qxb6 18.Rd7 Rae8 19.Qh5 Qc5 20.Rxb7 a5 21.Rd1 g6 22.Qf3
{#r} 1-0

[Event "Tournament (regional)"]
[Site "masterchessopen.com Colombia"]
[Date "2009.03.23"]
[Round "6"]
[White "Ballesteros Lopez William"]
[Black "Ramirez Jorge Alonso"]
[Result "0-1"]
[WhiteElo "1833"]
[BlackElo "1716"]

1.e4 c5 2.Nf3 e6 3.d4 cxd4 4.Nxd4 a6 5.Bd3 b5 6.O-O Bb7 7.a3 Qc7 8.b4 Nc6
9.Nf3 Bd6 10.Bb2 Nf6 11.Nbd2 Ng4 {#R} 0-1

[Event "It (open)"]
[Site "masterchessopen.com Angers (France)"]
[Date "2009.04.17"]
[Round "2"]
[White "Bailet Pierre (FRA)"]
[Black "Pailhe Lionel (FRA)"]
[Result "1-0"]
[WhiteElo "2352"]
[BlackElo "1993"]

1.e4 c5 2.Nf3 e6 3.d4 cxd4 4.Nxd4 a6 5.Bd3 Bc5 6.Nb3 Be7 7.O-O Qc7 8.Qg4 g6
9.Nc3 Nf6 10.Qe2 O-O 11.e5 Nh5 12.Bh6 Rd8 13.f4 d6 14.g4 Ng7 15.f5 Bf8 16.f6
Ne8 17.Bxf8 Kxf8 18.Qe3 dxe5 19.Ne4 Nd7 20.Nbc5 b6 21.Nxe6+ fxe6 22.Qh6+ {#r}
1-0

[Event "It (open)"]
[Site "masterchessopen.com Benidorm (Spain)"]
[Date "2009.04.25"]
[Round "2"]
[White "Berg Emanuel (SWE)"]
[Black "Alcaraz Ortega Javier (ESP)"]
[Result "1-0"]
[WhiteElo "2610"]
[BlackElo "2241"]

1.e4 c5 2.Nf3 e6 3.d4 cxd4 4.Nxd4 a6 5.Bd3 Bc5 6.Nb3 Ba7 7.O-O Nc6 8.Qg4 Nf6
9.Qg3 d6 10.Nc3 b5 11.Kh1 O-O 12.Bg5 Bb8 13.f4 Kh8 14.e5 dxe5 15.Qh4 h6
16.Bxh6 gxh6 17.Qxh6+ Kg8 18.Rf3 {#r} 1-0

[Event "It \"]
[Site "masterchessopen.com Serpukhov (Russia)"]
[Date "2009.05.08"]
[Round "15"]
[White "Ajrapetian Gevorg (RUS)"]
[Black "Odnorozhenko Evgenyi (UKR)"]
[Result "1-0"]
[WhiteElo "2390"]
[BlackElo "2341"]

1.e4 c5 2.Nf3 e6 3.d4 cxd4 4.Nxd4 a6 5.Bd3 Nc6 6.O-O d6 7.Qe2 Qc7 8.c4 g6
9.Nc3 Bg7 10.Rd1 Nf6 11.Nf3 O-O 12.h3 Bd7 13.Bf4 Rad8 14.Rac1 e5 15.Bg5 h6
16.Bxf6 Bxf6 17.Nd5 {#r} 1-0

[Event "Cup Maia Chiburdanidze (w)"]
[Site "masterchessopen.com Tbilisi (Georgia)"]
[Date "2009.06.12"]
[Round "8"]
[White "Mammadzada Gunay (AZE)"]
[Black "Kankia Mariam (RUS)"]
[Result "1-0"]
[WhiteElo "1753"]
[BlackElo "1812"]

1.e4 c5 2.Nf3 e6 3.d4 cxd4 4.Nxd4 a6 5.Bd3 d6 6.c4 Nd7 7.Nc3 b6 8.O-O Bb7 9.f4
Ngf6 10.f5 Nc5 11.Bg5 Be7 12.Qc2 Ng4 13.Bxe7 Qxe7 14.Qe2 Qf6 15.Nf3 Qh6
16.Rae1 O-O-O 17.b4 Nxd3 18.Qxd3 exf5 19.Nd5 fxe4 20.Rxe4 Nf6 21.Rh4 Qg6
22.Ne7+ {#r} 1-0

[Event "It (open) (b)"]
[Site "masterchessopen.com Voronezh (Russia)"]
[Date "2009.06.17"]
[Round "6"]
[White "Abylkassymova Raushan (KAZ)"]
[Black "Kasantsev Anatolij B (RUS)"]
[Result "1-0"]
[WhiteElo "1943"]
[BlackElo "2079"]

1.e4 c5 2.Nf3 e6 3.d4 cxd4 4.Nxd4 a6 5.Bd3 Nf6 6.O-O Qc7 7.Be3 Nc6 8.Nxc6 bxc6
9.Nd2 d5 10.exd5 cxd5 11.c4 dxc4 12.Nxc4 Nd5 13.Bd4 Bb7 14.Rc1 Rc8 15.Bc2 Bc6
16.Ba4 Bb5 17.Bxb5+ axb5 18.Nd6+ Bxd6 19.Rxc7 Rxc7 20.Qb3 {#r} 1-0

[Event "Ch Europe (schools) (team)"]
[Site "masterchessopen.com Varna (Bulgaria)"]
[Date "2009.06.18"]
[Round "5"]
[White "Ziaziulkina Nastassia (BLR)"]
[Black "Marinescu Stefan (ROM)"]
[Result "1-0"]
[WhiteElo "2101"]
[BlackElo "1872"]

1.e4 c5 2.Nf3 e6 3.d4 cxd4 4.Nxd4 a6 5.Bd3 Qc7 6.O-O Nc6 7.Nxc6 dxc6 8.Be3 e5
9.Nd2 Nf6 10.Nc4 c5 11.f4 Ng4 12.Bd2 Bd6 13.Be2 Be6 14.Ba5 {#r} 1-0

[Event "It (open)"]
[Site "masterchessopen.com Balaguer (Spain)"]
[Round "0"]
[White "Febrero Perez Lluis (ESP)"]
[Black "Kovacevic Slobodan (SRB)"]
[Result "0-1"]
[WhiteElo "1661"]
[BlackElo "2372"]

1.e4 c5 2.Nf3 e6 3.d4 cxd4 4.Nxd4 a6 5.Bd3 Nf6 6.Nd2 Qc7 7.b3 Qc3 8.Nxe6 dxe6
9.Rb1 Qc7 10.O-O b5 11.c4 b4 12.f4 e5 13.f5 h5 14.Rf3 Bc5+ 15.Kh1 Ng4 16.Qc2
Nc6 17.Bb2 Bd4 18.Nf1 Bxb2 19.Qxb2 Qb6 20.Rd1 Nd4 21.Rg3 Ne2 22.Rxg4 Qg1# 0-1

[Event "Ch Provincial (juniors) (under 16)"]
[Site "masterchessopen.com Habana (Cuba)"]
[Date "2009.07.02"]
[Round "4"]
[White "Machado La Rosa Ariel (CUB)"]
[Black "Fernandez Mayola Reynold Rafael (CUB)"]
[Result "0-1"]
[WhiteElo "2164"]
[BlackElo "2025"]

1.e4 c5 2.Nf3 e6 3.d4 cxd4 4.Nxd4 a6 5.Bd3 Qc7 6.O-O Nf6 7.c4 Nc6 8.Nxc6 dxc6
9.Nc3 e5 10.h3 Bc5 11.Qe2 O-O 12.Kh1 b5 13.Bg5 Nd7 14.Rac1 f6 15.Be3 Bxe3
16.Qxe3 Qb6 17.Qxb6 Nxb6 18.c5 Nd7 19.Ne2 Rd8 20.Rfd1 Nf8 21.Bxb5 Rxd1+
22.Rxd1 axb5 {#R} 0-1

[Event "It (open)"]
[Site "masterchessopen.com La Fere (France)"]
[Date "2009.07.05"]
[Round "2"]
[White "Gharamian Tigran (FRA)"]
[Black "Feryn Alexandre (FRA)"]
[Result "1-0"]
[WhiteElo "2615"]
[BlackElo "1994"]

1.e4 c5 2.Nf3 e6 3.d4 cxd4 4.Nxd4 a6 5.Bd3 Qc7 6.O-O Nf6 7.Qe2 d6 8.c4 Be7
9.Nc3 O-O 10.f4 Nbd7 11.Bd2 Re8 12.Rae1 e5 13.Nf5 Bf8 14.Kh1 Nc5 15.fxe5 dxe5
16.Nh6+ gxh6 17.Rxf6 Bg7 18.Nd5 Qd8 19.Rff1 Be6 20.Bb1 Bxd5 21.exd5 Qe7 22.Qh5
{#r} 1-0

[Event "It (open)"]
[Site "masterchessopen.com Karvina (Czech Republic)"]
[Date "2009.07.10"]
[Round "7"]
[White "Geffert Michal (CZE)"]
[Black "Didi Jan (CZE)"]
[Result "0-1"]
[WhiteElo "1977"]
[BlackElo "2053"]

1.e4 c5 2.Nf3 e6 3.d4 cxd4 4.Nxd4 a6 5.Bd3 Qc7 6.O-O b5 7.a4 b4 8.c4 bxc3
9.Nxc3 Nf6 10.Kh1 Bb7 11.f4 Bb4 12.Nde2 d5 13.exd5 Nxd5 14.f5 e5 15.Qb3 Nxc3
16.bxc3 Qc6 17.Rf3 Bc5 18.Rg3 Nd7 19.Rxg7 O-O-O 20.Rg4 Nf6 {#R} 0-1

[Event "Ch Puerto Rico"]
[Site "masterchessopen.com Caguas (Puerto Rico)"]
[Date "2009.07.11"]
[Round "1"]
[White "Berrios Echevarria Gabriel (PUR)"]
[Black "Sotelo Kohama Daniel (PUR)"]
[Result "1-0"]
[WhiteElo "2161"]
[BlackElo "2173"]

1.e4 c5 2.Nf3 e6 3.d4 cxd4 4.Nxd4 a6 5.Bd3 Nf6 6.O-O d6 7.c4 Be7 8.Nc3 Nbd7
9.Kh1 O-O 10.f4 Qc7 11.Qe2 b6 12.Bd2 Bb7 13.Rae1 e5 14.Nf5 Rae8 15.Nd5 Nxd5
16.exd5 e4 17.Qxe4 Nf6 18.Nxe7+ Kh8 19.Qe3 h6 20.Bc3 Ng8 21.Qg3 {#r} 1-0

[Event "It (open)"]
[Site "masterchessopen.com Condom (France)"]
[Date "2009.07.11"]
[Round "1"]
[White "Le Gallen Luc (FRA)"]
[Black "Blesing Alicia (FRA)"]
[Result "0-1"]
[WhiteElo "1982"]
[BlackElo "1707"]

1.e4 c5 2.Nf3 e6 3.d4 cxd4 4.Nxd4 a6 5.Bd3 Nc6 6.Nxc6 bxc6 7.O-O Qc7 8.Qe2 Nf6
9.Nd2 Bc5 10.c4 d6 11.Kh1 O-O 12.f4 Rb8 13.e5 dxe5 14.fxe5 Nd7 15.Nf3 Bb7
16.Bxh7+ Kxh7 17.Ng5+ Kg6 18.Qe4+ Kh5 19.Qh7+ Kg4 20.Qh3# 0-1

[Event "It (open) (j)"]
[Site "masterchessopen.com Pardubice (Czech Republic)"]
[Date "2009.07.17"]
[Round "1"]
[White "Kerdik Adam (SVK)"]
[Black "Ageichenko Genadi A (RUS)"]
[Result "0-1"]
[WhiteElo "1616"]
[BlackElo "2375"]

1.e4 c5 2.Nf3 e6 3.d4 cxd4 4.Nxd4 a6 5.Bd3 Bc5 6.Nb3 Ba7 7.Qe2 d6 8.Be3 b5
9.c4 bxc4 10.Bxc4 Nf6 11.Nc3 O-O 12.O-O Nc6 13.Bxa7 Rxa7 14.f4 Rd7 15.Bxa6
Qb6+ 16.Qf2 Qxf2+ 17.Rxf2 Bxa6 18.Nd2 Rb8 19.Nf3 d5 20.e5 Ne4 21.Nxe4 dxe4
{#R} 0-1

[Event "It (open)"]
[Site "masterchessopen.com Saint-Affrique (France)"]
[Date "2009.07.20"]
[Round "3"]
[White "Bissieres Mathieu (FRA)"]
[Black "Iwanesko Alexandre (FRA)"]
[Result "1-0"]
[WhiteElo "2300"]
[BlackElo "2101"]

1.e4 c5 2.Nf3 e6 3.d4 cxd4 4.Nxd4 a6 5.Bd3 Qc7 6.O-O Nf6 7.Kh1 Bc5 8.Be3 d5
9.exd5 Nxd5 10.Qf3 Nxe3 11.fxe3 O-O 12.Nc3 g6 13.Ne4 Be7 14.Nf6+ Kg7 15.Ne8+
Rxe8 16.Qxf7+ Kh6 17.Qxe8 Bg5 18.Rf7 {#r} 1-0